000 00490nam a2200133 a 4500
001 000033367
005 20200930070217.0
008 110825s1924 dr r 000 0 spa d
040 _aDO-SdBNP
_bspa
_cBNPHU
082 _axxxx
_bM533
245 0 0 _aMemoria presentada por el señor Eduardo R. Soler, presidente del Ayuntamiento de Santo Domingo durante los años 1910-1911.
260 _aSanto Domingo :
_b[Imp. de J. R. Vda García],
_c[1924].
300 _a1 volumen en varias páginas ;
_c25 cm.
999 _c32858
_d32858